Kiểm toán nội bộ trong doanh nghiệp
Giới thiệu về kiểm toán nội bộ và quản trị công ty, tổ chức bộ phận kiểm toán nội bộ trong doanh nghiệp cũng như thực hiện việc kiểm toán, thu thập bằng chứng và lập báo cáo kiểm toán nội bộ...
Salvato in:
| Autore principale: | |
|---|---|
| Altri autori: | |
| Natura: | Libro |
| Lingua: | Undetermined |
| Pubblicazione: |
H.
Tài chính
2015
|
| Soggetti: | |
| Accesso online: | http://lrc.tdmu.edu.vn/opac/search/detail.asp?aID=2&ID=41319 |
| Tags: |
Aggiungi Tag
Nessun Tag, puoi essere il primo ad aggiungerne! !
|
| Thư viện lưu trữ: | Trung tâm Học liệu Trường Đại học Thủ Dầu Một |
|---|
| LEADER | 01011nam a2200217Ia 4500 | ||
|---|---|---|---|
| 001 | TDMU_41319 | ||
| 008 | 210410s9999 xx 000 0 und d | ||
| 082 | |a 158 | ||
| 090 | |b PH105 | ||
| 100 | |a Phan, Trung Kiên | ||
| 245 | 0 | |a Kiểm toán nội bộ trong doanh nghiệp | |
| 245 | 0 | |c Phan Trung Kiên | |
| 260 | |a H. | ||
| 260 | |b Tài chính | ||
| 260 | |c 2015 | ||
| 300 | |a 343tr. | ||
| 520 | |a Giới thiệu về kiểm toán nội bộ và quản trị công ty, tổ chức bộ phận kiểm toán nội bộ trong doanh nghiệp cũng như thực hiện việc kiểm toán, thu thập bằng chứng và lập báo cáo kiểm toán nội bộ | ||
| 650 | |a Doanh nghiệp |x Kiểm toán nội bộ | ||
| 700 | |a Trường đại học Kinh tế quốc dân | ||
| 856 | |u http://lrc.tdmu.edu.vn/opac/search/detail.asp?aID=2&ID=41319 | ||
| 980 | |a Trung tâm Học liệu Trường Đại học Thủ Dầu Một | ||